| 000 | 00646nam a22001937a 4500 | ||
|---|---|---|---|
| 005 | 20230920165403.0 | ||
| 010 | _aENG-135578 | ||
| 020 |
_c200.00 _a9789381899632 |
||
| 035 | _aEN-119110 | ||
| 037 | _bDBAD/PUB | ||
| 082 | _a004.5 | ||
| 100 |
_aVaralakshmi, R. _957181 |
||
| 245 |
_aMicrosoft excel and access for beginners/ _cBy R. Varalakshmi and K. Arunachalam |
||
| 260 |
_c2015 _bsakthi publishers _achennai |
||
| 270 |
_a12, anna street, chitlapakkam _bchennai _e600064 _k919444007503 _msakthilassicsyahoo.in |
||
| 300 |
_a254p. _c29cm(hbk) |
||
| 700 |
_aArunachalam, K. _eauthor _957182 |
||
| 942 |
_2ddc _cEN _mVAR _h004.5 |
||
| 999 |
_c193431 _d193431 |
||